| 000 | 00465nam a2200205Ia 4500 | ||
|---|---|---|---|
| 008 | 180628s9999 xx 000 0 und d | ||
| 020 | _a978-0-553-21178-8 | ||
| 050 | _aCLA B37p | ||
| 050 | _b2008 | ||
| 100 | _aBarrie, J. M. | ||
| 245 | 0 | _aPeter pan / | |
| 245 | 0 | _cJ. M. Barrie. | |
| 260 | _aNew York : | ||
| 260 | _bBantam Books, | ||
| 260 | _c2008 | ||
| 300 | _a164 pages : | ||
| 300 | _c18 cm. | ||
| 500 | _aBantam classic. | ||
| 650 | _aFantasy. | ||
| 999 |
_c358087 _d358087 |
||